[Event "DVM U16w 2024"]
[Site "Neumünster GER"]
[Date "2024.12.28"]
[Round "3"]
[White "Margaryan, Sofia"]
[Black "Prokscha, Charlotte"]
[Result "0-1"]
[Termination "normal"]
[Board "5.2"]
[WhiteElo "1532"]
[BlackElo "1627"]
[WhiteClock "00:03:19"]
[BlackClock "00:07:53"]
[WhiteTeam "Elmshorner SC 1896"]
[BlackTeam "FC Bayern München"]
[PlyCount "62"]
[WhiteFideId "16268229"]
[BlackFideId "34614699"]
[EventCountry "GER"]
[EventRounds "7"]
[EventType "team-swiss"]
[EventDate "2024.12.26"]

1. d4 {[%clk 01:30:57]} {[%emt 00:00:01]} d5 {[%clk 01:30:49]} {[%emt
00:00:11]} 2. c4 {[%clk 01:31:21]} {[%emt 00:00:05]} e5 {[%clk 01:30:48]}
{[%emt 00:00:32]} 3. dxe5 {[%clk 01:31:39]} {[%emt 00:00:13]} d4 {[%clk
01:31:09]} {[%emt 00:00:08]} 4. a3 {[%clk 01:32:02]} {[%emt 00:00:07]} Nc6
{[%clk 01:31:33]} {[%emt 00:00:06]} 5. Nf3 {[%clk 01:30:08]} {[%emt 00:02:24]}
Nge7 {[%clk 01:31:17]} {[%emt 00:00:46]} 6. e3 {[%clk 01:18:59]} {[%emt
00:11:40]} Bg4 {[%clk 01:26:43]} {[%emt 00:05:03]} 7. exd4 {[%clk 01:17:12]}
{[%emt 00:02:17]} Bxf3 {[%clk 01:22:50]} {[%emt 00:04:23]} 8. Qxf3 {[%clk
01:16:43]} {[%emt 00:00:58]} Qxd4 {[%clk 01:22:23]} {[%emt 00:00:58]} 9. Nc3
{[%clk 00:59:54]} {[%emt 00:17:19]} Qxe5+ {[%clk 01:17:24]} {[%emt 00:05:29]}
10. Qe3 {[%clk 00:58:24]} {[%emt 00:02:00]} O-O-O {[%clk 01:06:30]} {[%emt
00:11:24]} 11. Qxe5 {[%clk 00:57:50]} {[%emt 00:01:04]} Nxe5 {[%clk 01:06:51]}
{[%emt 00:00:10]} 12. Bf4 {[%clk 00:57:44]} {[%emt 00:00:34]} N7g6 {[%clk
01:01:43]} {[%emt 00:05:39]} 13. Bxe5 {[%clk 00:56:34]} {[%emt 00:01:40]} Nxe5
{[%clk 01:02:06]} {[%emt 00:00:07]} 14. Be2 {[%clk 00:56:35]} {[%emt 00:00:29]}
a6 {[%clk 01:00:16]} {[%emt 00:02:20]} 15. O-O {[%clk 00:52:15]} {[%emt
00:04:50]} Bc5 {[%clk 00:57:56]} {[%emt 00:02:49]} 16. Rfd1 {[%clk 00:38:54]}
{[%emt 00:13:52]} Rhe8 {[%clk 00:50:39]} {[%emt 00:07:47]} 17. Rab1 {[%clk
00:34:45]} {[%emt 00:04:39]} Bd4 {[%clk 00:42:16]} {[%emt 00:08:52]} 18. Nd5
{[%clk 00:32:48]} {[%emt 00:02:28]} Nc6 {[%clk 00:39:46]} {[%emt 00:03:00]} 19.
Bf3 {[%clk 00:32:22]} {[%emt 00:00:55]} Be5 {[%clk 00:36:50]} {[%emt 00:03:26]}
20. b4 {[%clk 00:31:35]} {[%emt 00:01:19]} Nd4 {[%clk 00:34:48]} {[%emt
00:02:31]} 21. Bg4+ {[%clk 00:26:42]} {[%emt 00:05:22]} f5 {[%clk 00:32:53]}
{[%emt 00:02:26]} 22. f4 {[%clk 00:25:08]} {[%emt 00:02:04]} fxg4 {[%clk
00:29:29]} {[%emt 00:03:55]} 23. fxe5 {[%clk 00:25:32]} {[%emt 00:00:04]} Ne2+
{[%clk 00:28:52]} {[%emt 00:01:07]} 24. Kh1 {[%clk 00:22:16]} {[%emt 00:03:47]}
Rxe5 {[%clk 00:28:03]} {[%emt 00:01:18]} 25. Re1 {[%clk 00:21:25]} {[%emt
00:01:20]} Rde8 {[%clk 00:28:07]} {[%emt 00:00:26]} 26. Rf1 {[%clk 00:19:09]}
{[%emt 00:02:48]} Nd4 {[%clk 00:22:45]} {[%emt 00:05:49]} 27. Rb2 {[%clk
00:13:45]} {[%emt 00:05:56]} Rf5 {[%clk 00:18:03]} {[%emt 00:05:07]} 28. Rd1
{[%clk 00:11:45]} {[%emt 00:02:35]} Rfe5 {[%clk 00:15:38]} {[%emt 00:02:54]}
29. Rf1 {[%clk 00:09:23]} {[%emt 00:02:51]} b5 {[%clk 00:11:21]} {[%emt
00:04:49]} 30. Nf4 {[%clk 00:03:48]} {[%emt 00:06:05]} bxc4 {[%clk 00:09:05]}
{[%emt 00:02:47]} 31. Rd2 {[%clk 00:03:19]} {[%emt 00:00:57]} Nf5 {[%clk
00:07:53]} {[%emt 00:01:42]} 0-1

[Event "DVM U16w 2024"]
[Site "Neumünster GER"]
[Date "2024.12.28"]
[Round "3"]
[White "Paliwal, Kashika"]
[Black "Margaryan, Mane"]
[Result "1-0"]
[Termination "normal"]
[Board "5.3"]
[WhiteElo "1812"]
[BlackElo "1533"]
[WhiteClock "00:06:35"]
[BlackClock "00:00:45"]
[WhiteTeam "FC Bayern München"]
[BlackTeam "Elmshorner SC 1896"]
[PlyCount "73"]
[WhiteFideId "34688331"]
[BlackFideId "16268237"]
[EventCountry "GER"]
[EventRounds "7"]
[EventType "team-swiss"]
[EventDate "2024.12.26"]

1. e4 {[%clk 01:30:57]} {[%emt 00:00:02]} c5 {[%clk 01:30:55]} {[%emt
00:00:06]} 2. Nf3 {[%clk 01:31:20]} {[%emt 00:00:07]} e6 {[%clk 01:31:20]}
{[%emt 00:00:06]} 3. c3 {[%clk 01:31:33]} {[%emt 00:00:17]} d5 {[%clk
01:30:51]} {[%emt 00:00:58]} 4. exd5 {[%clk 01:31:41]} {[%emt 00:00:22]} exd5
{[%clk 01:31:12]} {[%emt 00:00:09]} 5. d4 {[%clk 01:31:25]} {[%emt 00:00:46]}
cxd4 {[%clk 01:29:35]} {[%emt 00:02:07]} 6. Nxd4 {[%clk 01:31:22]} {[%emt
00:00:33]} Nc6 {[%clk 01:28:08]} {[%emt 00:01:57]} 7. g3 {[%clk 01:30:01]}
{[%emt 00:01:50]} Bc5 {[%clk 01:24:36]} {[%emt 00:04:02]} 8. Be3 {[%clk
01:26:35]} {[%emt 00:03:56]} Qb6 {[%clk 01:19:50]} {[%emt 00:05:17]} 9. Qe2
{[%clk 01:12:31]} {[%emt 00:14:33]} Nge7 {[%clk 01:09:05]} {[%emt 00:11:15]}
10. Nxc6 {[%clk 00:58:51]} {[%emt 00:14:11]} bxc6 {[%clk 01:04:57]} {[%emt
00:04:38]} 11. Bxc5 {[%clk 00:57:41]} {[%emt 00:01:40]} Qxc5 {[%clk 01:04:18]}
{[%emt 00:01:08]} 12. Nd2 {[%clk 00:56:54]} {[%emt 00:01:17]} O-O {[%clk
00:55:21]} {[%emt 00:09:28]} 13. Nb3 {[%clk 00:48:47]} {[%emt 00:08:37]} Qd6
{[%clk 00:53:59]} {[%emt 00:01:51]} 14. O-O-O {[%clk 00:46:06]} {[%emt
00:03:12]} Bf5 {[%clk 00:37:46]} {[%emt 00:16:43]} 15. Nd4 {[%clk 00:40:51]}
{[%emt 00:05:44]} Bg6 {[%clk 00:31:55]} {[%emt 00:06:21]} 16. h4 {[%clk
00:35:20]} {[%emt 00:06:01]} h6 {[%clk 00:25:56]} {[%emt 00:06:30]} 17. h5
{[%clk 00:27:57]} {[%emt 00:07:52]} Bh7 {[%clk 00:23:16]} {[%emt 00:03:10]} 18.
Qd2 {[%clk 00:27:55]} {[%emt 00:00:32]} a6 {[%clk 00:17:39]} {[%emt 00:06:07]}
19. Bd3 {[%clk 00:21:57]} {[%emt 00:06:27]} c5 {[%clk 00:15:04]} {[%emt
00:03:06]} 20. Bxh7+ {[%clk 00:20:38]} {[%emt 00:01:49]} Kxh7 {[%clk 00:15:07]}
{[%emt 00:00:27]} 21. Nb3 {[%clk 00:17:21]} {[%emt 00:03:47]} Rab8 {[%clk
00:13:18]} {[%emt 00:02:20]} 22. g4 {[%clk 00:13:37]} {[%emt 00:04:14]} Qb6
{[%clk 00:11:05]} {[%emt 00:02:43]} 23. Qc2+ {[%clk 00:08:29]} {[%emt
00:05:37]} g6 {[%clk 00:07:55]} {[%emt 00:03:40]} 24. hxg6+ {[%clk 00:08:06]}
{[%emt 00:00:53]} fxg6 {[%clk 00:07:54]} {[%emt 00:00:31]} 25. g5 {[%clk
00:07:15]} {[%emt 00:01:21]} Rb7 {[%clk 00:04:33]} {[%emt 00:03:51]} 26. Rxh6+
{[%clk 00:07:16]} {[%emt 00:00:29]} Kg7 {[%clk 00:04:39]} {[%emt 00:00:21]} 27.
Rdh1 {[%clk 00:07:32]} {[%emt 00:00:17]} Kf7 {[%clk 00:04:20]} {[%emt
00:00:49]} 28. Rh7+ {[%clk 00:07:43]} {[%emt 00:00:19]} Ke8 {[%clk 00:04:25]}
{[%emt 00:00:25]} 29. Re1 {[%clk 00:06:18]} {[%emt 00:01:55]} Kd8 {[%clk
00:03:40]} {[%emt 00:01:15]} 30. c4 {[%clk 00:05:47]} {[%emt 00:01:02]} d4
{[%clk 00:02:52]} {[%emt 00:01:18]} 31. Qe4 {[%clk 00:05:38]} {[%emt 00:00:38]}
Qc7 {[%clk 00:01:06]} {[%emt 00:02:17]} 32. Nxc5 {[%clk 00:05:29]} {[%emt
00:00:39]} Qf4+ {[%clk 00:00:36]} {[%emt 00:00:59]} 33. Qxf4 {[%clk 00:05:51]}
{[%emt 00:00:08]} Rxf4 {[%clk 00:01:01]} {[%emt 00:00:05]} 34. Nxb7+ {[%clk
00:06:12]} {[%emt 00:00:10]} Kc8 {[%clk 00:01:13]} {[%emt 00:00:17]} 35. Rhxe7
{[%clk 00:06:24]} {[%emt 00:00:18]} Rxf2 {[%clk 00:01:09]} {[%emt 00:00:34]}
36. Rg7 {[%clk 00:06:35]} {[%emt 00:00:19]} d3 {[%clk 00:00:45]} {[%emt
00:00:54]} 37. Re8# {[%emt 00:00:05]} 1-0

[Event "DVM U16w 2024"]
[Site "Neumünster GER"]
[Date "2024.12.28"]
[Round "3"]
[White "Vasilieva, Sophie Victoria"]
[Black "Artemenko, Isabella"]
[Result "0-1"]
[Termination "normal"]
[Board "5.4"]
[WhiteElo "1677"]
[BlackElo "1584"]
[WhiteClock "01:01:39"]
[BlackClock "00:09:05"]
[WhiteTeam "Elmshorner SC 1896"]
[BlackTeam "FC Bayern München"]
[PlyCount "138"]
[WhiteFideId "533007071"]
[BlackFideId "34639616"]
[EventCountry "GER"]
[EventRounds "7"]
[EventType "team-swiss"]
[EventDate "2024.12.26"]

1. d4 {[%clk 01:30:59]} {[%emt 00:00:01]} d5 {[%clk 01:30:54]} {[%emt
00:00:06]} 2. c4 {[%clk 01:31:22]} {[%emt 00:00:07]} e6 {[%clk 01:31:18]}
{[%emt 00:00:06]} 3. Nc3 {[%clk 01:31:39]} {[%emt 00:00:13]} Nf6 {[%clk
01:31:41]} {[%emt 00:00:07]} 4. Bg5 {[%clk 01:31:53]} {[%emt 00:00:16]} Be7
{[%clk 01:31:55]} {[%emt 00:00:15]} 5. cxd5 {[%clk 01:32:04]} {[%emt 00:00:19]}
exd5 {[%clk 01:32:17]} {[%emt 00:00:08]} 6. e3 {[%clk 01:32:02]} {[%emt
00:00:32]} O-O {[%clk 01:32:29]} {[%emt 00:00:18]} 7. Bd3 {[%clk 01:32:14]}
{[%emt 00:00:17]} h6 {[%clk 01:32:32]} {[%emt 00:00:28]} 8. Bh4 {[%clk
01:32:24]} {[%emt 00:00:20]} b6 {[%clk 01:32:31]} {[%emt 00:00:32]} 9. Nf3
{[%clk 01:32:39]} {[%emt 00:00:15]} Bb7 {[%clk 01:32:42]} {[%emt 00:00:19]} 10.
O-O {[%clk 01:32:48]} {[%emt 00:00:21]} c5 {[%clk 01:32:13]} {[%emt 00:00:58]}
11. Re1 {[%clk 01:31:48]} {[%emt 00:01:30]} Nbd7 {[%clk 01:25:47]} {[%emt
00:06:57]} 12. Qc2 {[%clk 01:29:52]} {[%emt 00:02:21]} c4 {[%clk 01:23:00]}
{[%emt 00:03:22]} 13. Bf5 {[%clk 01:24:31]} {[%emt 00:05:44]} a6 {[%clk
01:14:20]} {[%emt 00:09:18]} 14. a3 {[%clk 01:21:16]} {[%emt 00:03:43]} Re8
{[%clk 01:09:54]} {[%emt 00:04:57]} 15. b4 {[%clk 01:20:44]} {[%emt 00:01:01]}
b5 {[%clk 01:07:46]} {[%emt 00:02:39]} 16. a4 {[%clk 01:19:50]} {[%emt
00:01:23]} Bxb4 {[%clk 01:07:28]} {[%emt 00:00:50]} 17. Bxf6 {[%clk 01:19:55]}
{[%emt 00:00:23]} Nxf6 {[%clk 01:07:50]} {[%emt 00:00:08]} 18. Qb2 {[%clk
01:19:30]} {[%emt 00:00:53]} Bxc3 {[%clk 01:06:38]} {[%emt 00:01:45]} 19. Qxc3
{[%clk 01:19:42]} {[%emt 00:00:17]} bxa4 {[%clk 01:00:19]} {[%emt 00:06:50]}
20. Rxa4 {[%clk 01:19:28]} {[%emt 00:00:43]} Bc6 {[%clk 01:00:41]} {[%emt
00:00:08]} 21. Ra3 {[%clk 01:18:29]} {[%emt 00:01:28]} Bb5 {[%clk 00:59:53]}
{[%emt 00:01:19]} 22. Rea1 {[%clk 01:16:12]} {[%emt 00:02:21]} Re7 {[%clk
00:51:33]} {[%emt 00:09:17]} 23. Qa5 {[%clk 01:11:56]} {[%emt 00:04:38]} Qxa5
{[%clk 00:51:37]} {[%emt 00:00:34]} 24. Rxa5 {[%clk 01:12:07]} {[%emt
00:00:18]} Rc7 {[%clk 00:50:44]} {[%emt 00:01:21]} 25. Rxb5 {[%clk 01:11:35]}
{[%emt 00:01:05]} g6 {[%clk 00:35:25]} {[%emt 00:15:48]} 26. Bc2 {[%clk
01:10:57]} {[%emt 00:01:08]} Kg7 {[%clk 00:19:46]} {[%emt 00:16:10]} 27. Rb6
{[%clk 01:10:34]} {[%emt 00:00:48]} a5 {[%clk 00:19:50]} {[%emt 00:00:30]} 28.
Rb5 {[%clk 01:10:40]} {[%emt 00:00:13]} Rca7 {[%clk 00:19:32]} {[%emt
00:00:59]} 29. Ne5 {[%clk 01:10:40]} {[%emt 00:00:26]} a4 {[%clk 00:08:39]}
{[%emt 00:11:28]} 30. Nc6 {[%clk 01:09:57]} {[%emt 00:01:08]} Rc7 {[%clk
00:04:27]} {[%emt 00:04:46]} 31. Nb4 {[%clk 01:09:35]} {[%emt 00:00:48]} a3
{[%clk 00:03:17]} {[%emt 00:01:45]} 32. Bb1 {[%clk 01:08:41]} {[%emt 00:01:18]}
Rd7 {[%clk 00:02:37]} {[%emt 00:01:16]} 33. Rb6 {[%clk 01:07:57]} {[%emt
00:01:08]} Rda7 {[%clk 00:02:12]} {[%emt 00:01:01]} 34. Nc2 {[%clk 01:06:53]}
{[%emt 00:01:04]} a2 {[%clk 00:02:35]} {[%emt 00:00:36]} 35. Bxa2 {[%clk
01:07:07]} {[%emt 00:00:16]} Rxa2 {[%clk 00:02:59]} {[%emt 00:00:07]} 36. Rxa2
{[%clk 01:07:21]} {[%emt 00:00:15]} Rxa2 {[%clk 00:03:26]} {[%emt 00:00:04]}
37. Ne1 {[%clk 01:07:27]} {[%emt 00:00:18]} Ra1 {[%clk 00:03:44]} {[%emt
00:00:18]} 38. Kf1 {[%clk 01:07:42]} {[%emt 00:00:13]} Ra2 {[%clk 00:03:37]}
{[%emt 00:00:37]} 39. g3 {[%clk 01:02:54]} {[%emt 00:05:19]} Ng4 {[%clk
00:03:15]} {[%emt 00:00:52]} 40. Kg2 {[%clk 01:02:57]} {[%emt 00:00:25]} Rxf2+
{[%clk 00:03:32]} {[%emt 00:00:15]} 41. Kh3 {[%clk 01:03:01]} {[%emt 00:00:24]}
Nxe3 {[%clk 00:03:43]} {[%emt 00:00:22]} 42. Ra6 {[%clk 01:01:14]} {[%emt
00:02:17]} Rf1 {[%clk 00:03:58]} {[%emt 00:00:12]} 43. Ng2 {[%clk 01:01:25]}
{[%emt 00:00:22]} Nxg2 {[%clk 00:04:23]} {[%emt 00:00:04]} 44. Kxg2 {[%clk
01:01:48]} {[%emt 00:00:07]} Rd1 {[%clk 00:04:48]} {[%emt 00:00:05]} 45. Kf3
{[%clk 01:01:34]} {[%emt 00:00:45]} Rxd4 {[%clk 00:05:12]} {[%emt 00:00:06]}
46. Ke3 {[%clk 01:01:40]} {[%emt 00:00:24]} Re4+ {[%clk 00:05:37]} {[%emt
00:00:05]} 47. Kd2 {[%clk 01:01:07]} {[%emt 00:01:03]} Re6 {[%clk 00:05:55]}
{[%emt 00:00:12]} 48. Ra5 {[%clk 01:01:17]} {[%emt 00:00:20]} Rd6 {[%clk
00:05:49]} {[%emt 00:00:35]} 49. Kc3 {[%clk 01:01:16]} {[%emt 00:00:32]} Kf6
{[%clk 00:06:10]} {[%emt 00:00:08]} 50. Ra7 {[%clk 01:01:23]} {[%emt 00:00:23]}
Ke6 {[%clk 00:06:33]} {[%emt 00:00:08]} 51. Rb7 {[%clk 01:00:57]} {[%emt
00:00:55]} Rd7 {[%clk 00:06:55]} {[%emt 00:00:08]} 52. Rb6+ {[%clk 01:01:16]}
{[%emt 00:00:11]} Ke5 {[%clk 00:07:17]} {[%emt 00:00:06]} 53. Rb8 {[%clk
01:01:14]} {[%emt 00:00:35]} Ke4 {[%clk 00:07:26]} {[%emt 00:00:19]} 54. Re8+
{[%clk 01:01:33]} {[%emt 00:00:13]} Kf3 {[%clk 00:07:37]} {[%emt 00:00:18]} 55.
Kd2 {[%clk 01:01:20]} {[%emt 00:00:43]} d4 {[%clk 00:07:40]} {[%emt 00:00:28]}
56. Ke1 {[%clk 01:00:40]} {[%emt 00:01:07]} c3 {[%clk 00:08:01]} {[%emt
00:00:11]} 57. Re2 {[%clk 01:00:39]} {[%emt 00:00:31]} d3 {[%clk 00:08:20]}
{[%emt 00:00:12]} 58. Rf2+ {[%clk 01:00:43]} {[%emt 00:00:25]} Kg4 {[%clk
00:07:35]} {[%emt 00:01:15]} 59. Rf4+ {[%clk 01:00:57]} {[%emt 00:00:16]} Kg5
{[%clk 00:05:36]} {[%emt 00:02:29]} 60. h3 {[%clk 01:00:50]} {[%emt 00:00:38]}
h5 {[%clk 00:05:54]} {[%emt 00:00:11]} 61. h4+ {[%clk 01:00:41]} {[%emt
00:00:39]} Kh6 {[%clk 00:05:59]} {[%emt 00:00:26]} 62. Re4 {[%clk 01:00:30]}
{[%emt 00:00:40]} d2+ {[%clk 00:06:12]} {[%emt 00:00:17]} 63. Kd1 {[%clk
01:00:46]} {[%emt 00:00:14]} c2+ {[%clk 00:06:39]} {[%emt 00:00:03]} 64. Kxc2
{[%clk 01:00:41]} {[%emt 00:00:36]} d1=Q+ {[%clk 00:07:04]} {[%emt 00:00:05]}
65. Kc3 {[%clk 01:00:54]} {[%emt 00:00:16]} Qd3+ {[%clk 00:07:30]} {[%emt
00:00:05]} 66. Kb2 {[%clk 01:01:01]} {[%emt 00:00:23]} Qxe4 {[%clk 00:07:56]}
{[%emt 00:00:04]} 67. Kc3 {[%clk 01:01:10]} {[%emt 00:00:20]} Qc6+ {[%clk
00:08:16]} {[%emt 00:00:10]} 68. Kb4 {[%clk 01:01:31]} {[%emt 00:00:10]} Rb7+
{[%clk 00:08:40]} {[%emt 00:00:06]} 69. Ka5 {[%clk 01:01:39]} {[%emt 00:00:22]}
Qb5# {[%clk 00:09:05]} {[%emt 00:00:05]} 0-1

[Event "DVM U16w 2024"]
[Site "Neumünster GER"]
[Date "2024.12.28"]
[Round "3"]
[White "Scheiding, Sophia"]
[Black "Huber, Laura"]
[Result "1/2-1/2"]
[Termination "normal"]
[Board "6.1"]
[WhiteElo "1672"]
[BlackElo "1679"]
[WhiteClock "00:13:00"]
[BlackClock "00:14:27"]
[WhiteTeam "Meuselwitzer SV"]
[BlackTeam "FC Bayern München 2"]
[PlyCount "41"]
[WhiteFideId "16287010"]
[BlackFideId "16270940"]
[EventCountry "GER"]
[EventRounds "7"]
[EventType "team-swiss"]
[EventDate "2024.12.26"]

1. e4 {[%clk 01:30:56]} {[%emt 00:00:04]} c6 {[%clk 01:30:56]} {[%emt
00:00:05]} 2. d4 {[%clk 01:31:18]} {[%emt 00:00:07]} d5 {[%clk 01:31:22]}
{[%emt 00:00:04]} 3. exd5 {[%clk 01:31:40]} {[%emt 00:00:08]} cxd5 {[%clk
01:31:44]} {[%emt 00:00:09]} 4. Bd3 {[%clk 01:32:05]} {[%emt 00:00:04]} Nc6
{[%clk 01:28:51]} {[%emt 00:03:23]} 5. c3 {[%clk 01:32:14]} {[%emt 00:00:21]}
Qc7 {[%clk 01:24:01]} {[%emt 00:05:21]} 6. Nd2 {[%clk 01:24:43]} {[%emt
00:07:59]} Nf6 {[%clk 01:21:45]} {[%emt 00:02:47]} 7. Ngf3 {[%clk 01:21:38]}
{[%emt 00:03:35]} Bg4 {[%clk 01:19:29]} {[%emt 00:02:45]} 8. O-O {[%clk
01:20:37]} {[%emt 00:01:31]} e6 {[%clk 01:17:57]} {[%emt 00:02:03]} 9. h3
{[%clk 01:15:00]} {[%emt 00:06:07]} Bh5 {[%clk 01:17:02]} {[%emt 00:01:25]} 10.
Re1 {[%clk 01:05:11]} {[%emt 00:10:18]} Bd6 {[%clk 01:15:37]} {[%emt 00:01:55]}
11. Qc2 {[%clk 00:54:34]} {[%emt 00:11:08]} Rc8 {[%clk 01:12:22]} {[%emt
00:03:44]} 12. Qb1 {[%clk 00:53:37]} {[%emt 00:01:27]} O-O {[%clk 01:02:16]}
{[%emt 00:10:36]} 13. Nf1 {[%clk 00:27:37]} {[%emt 00:26:31]} Bxf3 {[%clk
00:50:08]} {[%emt 00:12:37]} 14. gxf3 {[%clk 00:24:25]} {[%emt 00:03:42]} Bf4
{[%clk 00:22:59]} {[%emt 00:27:40]} 15. Bxf4 {[%clk 00:17:02]} {[%emt
00:07:53]} Qxf4 {[%clk 00:23:11]} {[%emt 00:00:18]} 16. Kg2 {[%clk 00:15:33]}
{[%emt 00:01:59]} Qh4 {[%clk 00:20:34]} {[%emt 00:03:06]} 17. Ng3 {[%clk
00:15:14]} {[%emt 00:00:49]} Ne7 {[%clk 00:19:51]} {[%emt 00:01:14]} 18. Rh1
{[%clk 00:13:23]} {[%emt 00:02:21]} Ng6 {[%clk 00:16:25]} {[%emt 00:03:56]} 19.
Bxg6 {[%clk 00:13:33]} {[%emt 00:00:19]} hxg6 {[%clk 00:16:16]} {[%emt
00:00:39]} 20. Qd3 {[%clk 00:13:06]} {[%emt 00:00:57]} Qf4 {[%clk 00:14:27]}
{[%emt 00:02:19]} 21. Rae1 {[%clk 00:13:00]} {[%emt 00:00:36]} 1/2-1/2

[Event "DVM U16w 2024"]
[Site "Neumünster GER"]
[Date "2024.12.28"]
[Round "3"]
[White "Grunert, Greta"]
[Black "Ignatova, Gabriela"]
[Result "0-1"]
[Termination "normal"]
[Board "6.2"]
[WhiteElo "1595"]
[BlackElo "1595"]
[WhiteClock "00:08:28"]
[BlackClock "00:50:03"]
[WhiteTeam "FC Bayern München 2"]
[BlackTeam "Meuselwitzer SV"]
[PlyCount "90"]
[WhiteFideId "16258649"]
[BlackFideId "34623698"]
[EventCountry "GER"]
[EventRounds "7"]
[EventType "team-swiss"]
[EventDate "2024.12.26"]

1. e4 {[%clk 01:30:57]} {[%emt 00:00:02]} c5 {[%clk 01:30:51]} {[%emt
00:00:10]} 2. Nf3 {[%clk 01:31:20]} {[%emt 00:00:07]} e6 {[%clk 01:31:10]}
{[%emt 00:00:11]} 3. d4 {[%clk 01:31:41]} {[%emt 00:00:09]} cxd4 {[%clk
01:31:28]} {[%emt 00:00:12]} 4. Nxd4 {[%clk 01:32:02]} {[%emt 00:00:08]} a6
{[%clk 01:31:56]} {[%emt 00:00:03]} 5. a3 {[%clk 01:31:15]} {[%emt 00:01:17]}
Nf6 {[%clk 01:31:50]} {[%emt 00:00:36]} 6. Nc3 {[%clk 01:31:22]} {[%emt
00:00:23]} Qc7 {[%clk 01:31:46]} {[%emt 00:00:34]} 7. Be3 {[%clk 01:30:41]}
{[%emt 00:01:10]} Nc6 {[%clk 01:30:26]} {[%emt 00:01:51]} 8. Nxc6 {[%clk
01:23:48]} {[%emt 00:07:21]} bxc6 {[%clk 01:26:01]} {[%emt 00:04:57]} 9. Be2
{[%clk 01:20:56]} {[%emt 00:03:20]} d5 {[%clk 01:25:15]} {[%emt 00:01:18]} 10.
exd5 {[%clk 01:19:19]} {[%emt 00:02:06]} cxd5 {[%clk 01:25:29]} {[%emt
00:00:18]} 11. O-O {[%clk 01:17:29]} {[%emt 00:02:19]} Bb7 {[%clk 01:22:13]}
{[%emt 00:03:46]} 12. Na4 {[%clk 01:07:40]} {[%emt 00:10:19]} Qc6 {[%clk
01:21:11]} {[%emt 00:01:32]} 13. Nb6 {[%clk 01:07:02]} {[%emt 00:01:08]} d4
{[%clk 01:21:06]} {[%emt 00:00:35]} 14. Bf3 {[%clk 01:05:50]} {[%emt 00:01:42]}
Qxb6 {[%clk 01:18:35]} {[%emt 00:03:02]} 15. Bxd4 {[%clk 01:05:05]} {[%emt
00:01:14]} Qc7 {[%clk 01:16:10]} {[%emt 00:02:56]} 16. Bxf6 {[%clk 00:59:03]}
{[%emt 00:06:30]} gxf6 {[%clk 01:16:00]} {[%emt 00:00:41]} 17. c3 {[%clk
00:56:28]} {[%emt 00:03:02]} Be7 {[%clk 01:15:06]} {[%emt 00:01:27]} 18. Re1
{[%clk 00:50:33]} {[%emt 00:06:23]} Rd8 {[%clk 01:10:42]} {[%emt 00:04:55]} 19.
Qa4+ {[%clk 00:47:24]} {[%emt 00:03:38]} Qd7 {[%clk 01:09:17]} {[%emt
00:01:57]} 20. Qxd7+ {[%clk 00:44:56]} {[%emt 00:02:57]} Rxd7 {[%clk 01:09:32]}
{[%emt 00:00:17]} 21. Bxb7 {[%clk 00:41:18]} {[%emt 00:04:07]} Rxb7 {[%clk
01:09:31]} {[%emt 00:00:31]} 22. b4 {[%clk 00:38:55]} {[%emt 00:02:54]} Rc7
{[%clk 01:05:53]} {[%emt 00:04:07]} 23. Rac1 {[%clk 00:37:57]} {[%emt
00:01:27]} f5 {[%clk 01:06:00]} {[%emt 00:00:24]} 24. c4 {[%clk 00:37:21]}
{[%emt 00:01:06]} Bf6 {[%clk 01:05:42]} {[%emt 00:00:47]} 25. Rc2 {[%clk
00:36:43]} {[%emt 00:01:09]} Ke7 {[%clk 01:05:48]} {[%emt 00:00:24]} 26. Rd1
{[%clk 00:36:21]} {[%emt 00:00:51]} Rhc8 {[%clk 01:03:54]} {[%emt 00:02:23]}
27. c5 {[%clk 00:36:06]} {[%emt 00:00:47]} Rc6 {[%clk 01:00:17]} {[%emt
00:04:07]} 28. h3 {[%clk 00:34:26]} {[%emt 00:02:10]} Ke8 {[%clk 01:00:14]}
{[%emt 00:00:34]} 29. Kf1 {[%clk 00:32:35]} {[%emt 00:02:19]} Be7 {[%clk
01:00:32]} {[%emt 00:00:13]} 30. g3 {[%clk 00:29:44]} {[%emt 00:03:20]} a5
{[%clk 01:00:18]} {[%emt 00:00:44]} 31. h4 {[%clk 00:28:55]} {[%emt 00:01:19]}
Rb8 {[%clk 00:58:58]} {[%emt 00:01:51]} 32. Rd4 {[%clk 00:24:23]} {[%emt
00:04:54]} axb4 {[%clk 00:54:03]} {[%emt 00:05:34]} 33. axb4 {[%clk 00:24:25]}
{[%emt 00:00:26]} Ra8 {[%clk 00:53:15]} {[%emt 00:01:18]} 34. Ke2 {[%clk
00:21:29]} {[%emt 00:03:23]} Ra4 {[%clk 00:51:49]} {[%emt 00:02:00]} 35. b5
{[%clk 00:19:44]} {[%emt 00:02:14]} Rxc5 {[%clk 00:50:17]} {[%emt 00:02:02]}
36. Rxc5 {[%clk 00:17:17]} {[%emt 00:02:57]} Rxd4 {[%clk 00:50:40]} {[%emt
00:00:09]} 37. Rc8+ {[%clk 00:14:04]} {[%emt 00:03:42]} Rd8 {[%clk 00:49:12]}
{[%emt 00:01:57]} 38. Rxd8+ {[%clk 00:13:46]} {[%emt 00:00:48]} Kxd8 {[%clk
00:49:34]} {[%emt 00:00:08]} 39. Kd3 {[%clk 00:12:44]} {[%emt 00:01:32]} Kc7
{[%clk 00:49:50]} {[%emt 00:00:14]} 40. Kc4 {[%clk 00:13:01]} {[%emt 00:00:13]}
h5 {[%clk 00:50:07]} {[%emt 00:00:14]} 41. f3 {[%clk 00:12:31]} {[%emt
00:00:59]} Kb6 {[%clk 00:50:02]} {[%emt 00:00:36]} 42. f4 {[%clk 00:09:12]}
{[%emt 00:03:49]} Ka5 {[%clk 00:50:15]} {[%emt 00:00:18]} 43. Kd4 {[%clk
00:08:01]} {[%emt 00:01:40]} Kxb5 {[%clk 00:50:05]} {[%emt 00:00:40]} 44. Ke5
{[%clk 00:08:12]} {[%emt 00:00:18]} Kc5 {[%clk 00:49:37]} {[%emt 00:00:59]} 45.
g4 {[%clk 00:08:28]} {[%emt 00:00:13]} fxg4 {[%clk 00:50:03]} {[%emt 00:00:05]}
0-1